| 000 | 00507nam a22002177a 4500 | ||
|---|---|---|---|
| 005 | 20171023124653.0 | ||
| 008 | 171023b xxu||||| |||| 00| 0 spa d | ||
| 041 | _aspa | ||
| 082 | _a1.4.17 C967c | ||
| 245 | _aCulinaria mundial | ||
| 260 | _bKONEMANN | ||
| 300 | _a1055 | ||
| 650 |
_aRECETAS DE COCINA _91731 |
||
| 650 |
_aENTREMESES _915418 |
||
| 650 |
_aSOPAS _919827 |
||
| 650 |
_aPESCADO _919892 |
||
| 650 |
_aMARISCOS _91734 |
||
| 650 |
_aCARNE _96823 |
||
| 650 |
_aPOSTRES _91710 |
||
| 942 | _cBK | ||
| 999 |
_c9916 _d9916 |
||